Villes des Alpes-de-Haute-Provence en images - Statistiques

Statistiques générales
  • Ce quiz a été pris 61 fois
  • Le résultat moyen est 10 sur 18
Statistiques - réponses
Par images Hint Réponse % Correct
D Digne-les-Bains
93%
M Manosque
89%
F Forcalquier
87%
S Sistéron
87%
V Valensole
76%
O Oraison
71%
B Barcelonnette
69%
C Castellane
58%
G Gréoux-les-Bains
58%
M Moustiers-Sainte-Marie
51%
Q Quinson
49%
C Château-Arnoux-Saint-Auban
42%
E Entrevaux
40%
B Banon
38%
R Reillanne
33%
R Riez
31%
S Seyne
27%
(La) R La Rochette
4%
Aucun quiz correspondant
Distribution des résultats
% des personnes avec chaque résultat
Percentile par nombre de réponses
Votre historique - résultats
Vous n’avez pas pris ce quiz